000
00326nam a2200133Ia 4500
008
210210b1967 xxu||||| |||| 00| 0 eng d
082
_a
301 KLAS
100
_a
KLAUSNER (Samuel Z).
245
_a
Study of total societies.
260
_a
NY
_b
Doubleday & co.
_c
1967
300
_a
xix,220
690
_a
Sociology
906
_a
041049
999
_c
91162
_d
91162